An essay on the realm of performance control in marketing strategy (Record no. 300143)
[ view plain ]
| 000 -LEADER | |
|---|---|
| fixed length control field | 00433nam a2200121Ia 4500 |
| 008 - FIXED-LENGTH DATA ELEMENTS--GENERAL INFORMATION | |
| fixed length control field | 160809s9999 xx 000 0 und d |
| 100 ## - MAIN ENTRY--PERSONAL NAME | |
| Personal name | Kanaga, Nagasimha Balakrishna. |
| 245 #3 - TITLE STATEMENT | |
| Title | An essay on the realm of performance control in marketing strategy |
| 245 ## - TITLE STATEMENT | |
| Statement of responsibility, etc | Nagasimha Balakrishna Kanaga. |
| 260 ## - PUBLICATION, DISTRIBUTION, ETC. (IMPRINT) | |
| Name of publisher, distributor, etc | Journal of Management and Marketing Research |
| 650 ## - SUBJECT ADDED ENTRY--TOPICAL TERM | |
| General subdivision | MARKETING |
| 856 ## - ELECTRONIC LOCATION AND ACCESS | |
| Uniform Resource Identifier | <a href="http://www.aabri.com/manuscripts/152352.pdf">http://www.aabri.com/manuscripts/152352.pdf</a> |
| Withdrawn status | Lost status | Damaged status | Home library | Current library | Date acquired | Total Checkouts | Date last seen | Price effective from | Koha item type |
|---|---|---|---|---|---|---|---|---|---|
| College Library | College Library | 08/09/2016 | 08/09/2016 | 08/09/2016 | Foreign e-journal articles |